Music Quiz

Random Music or Musical Quiz

Bands & Artists With Missing Numbers Quiz Stats

 Plays Quiz Updated Nov 26, 2017

Support Sporcle.
Go Orange.
Score 0/20 Timer 02:00
1 Play Today
% Correct
50
86.1%
182
82.1%
52
79.2%
40
77.1%
20
75.3%
10,000
74.2%
30
69.7%
3000
68.4%
4
65.1%
41
64.4%
% Correct
38
61%
3
57.9%
10
53.6%
13
53%
71
44.9%
5000
43%
11
42.1%
65
40.2%
6
39.2%
5
38.1%

You're not logged in!

Compare scores with friends on all Sporcle quizzes.
OR
Log In

From the Vault

Letter Pyramid - Asian Countries

by PenguinsMeercats

It turns out Egypt does not have a monopoly on pyramids.
Remove Ads.
Support Sporcle.
Get the best of Sporcle when you Go Orange. This ad-free experience offers more features, more stats, and more fun while also helping to support Sporcle. Thank you for becoming a member.

Show Comments

Extras

Top Quizzes Today


Score Distribution

Your Account Isn't Verified!

In order to create a playlist on Sporcle, you need to verify the email address you used during registration. Go to your Sporcle Settings to finish the process.

Report this User

Report this user for behavior that violates our Community Guidelines.

Details: